Quizzes
Events
Quiz Creation
Community
Videos
Private Events
Remove Ads
Sign In
Join for FREE
Feedback
Dark Mode
Quiz Categories
Sports
Geography
Music
Movies
Television
Just For Fun
Miscellaneous
History
Literature
Language
Science
Gaming
Entertainment
Religion
Holiday
For Kids
Quiz Lab
Recent
Popular Today
Quiz Kudos Today
Editor Picks
Curator Picks
Quizzes by...
Day
Popularity
Type
Ratings
Length
Year
Community
Subscriptions
Recent Discussions
Orange Saloon
Badges
Playlists
Quests
Create
Leaderboards
Showdown
Live 5
Trivia Bingo
Activity
Puzzle Library
Sporcle Events
Private Events
Virtual Trivia
Globe League
Become a Host
Pub Owners
SporcleCon
Opinionation
Our Games
Videos
Blog
Mobile Apps
Partnerships
Remove Ads and Go Orange
Feedback
Sports
Athletes
MLB
NBA
NHL
NFL
Soccer
Sports Teams
WWE
NCAA
Football
Premier League
Basketball
Baseball
Hockey
Golf
Tennis
Cricket
Rugby
Auto Racing
Olympics
World Cup
Sports
Athletes
MLB
NBA
NHL
NFL
Soccer
Sports Teams
WWE
NCAA
Football
Premier League
Basketball
Baseball
Hockey
Golf
Tennis
Cricket
Rugby
Auto Racing
Olympics
World Cup
Random Quiz
Search Sporcle
×
Quiz Lab
Quiz Lab
Sports
Premier League
Type in answers that appear in a list
Type in answers that appear in a list
Classic
Best Score? Go Orange.
Barclay's Premier League - Club Nicknames Stats
Can you name the Premier League 2010/11 Club Nicknames?
By
ColUCraig
10m
20 Questions
282 Plays
282 Plays
282 Plays
Comments
Comments
Give Quiz Kudos
Give Quiz Kudos
-
- Ratings
hide this ad
Replay
Link that replays current quiz
Next Quiz
Link to next quiz in quiz playlist
You Got
0%
They Got
Avg Score
67%
Avg Friend Score
Upgrade to see
Score Distribution
Jump to the score distribution portion of the page
Score
0/20
Timer
10:00
0
Plays Today
Club
Nickname
% Correct
Arsenal
Gunners
93.3%
Manchester City
Blues
90.8%
Manchester United
Red Devils
90.1%
Birmingham City
Blues
89%
Chelsea
Blues
89%
Liverpool
Reds
85.1%
Tottenham Hotspur
Spurs
84%
Wolverhampton Wanderers
Wolves
82.3%
West Ham United
Hammers
73.8%
Aston Villa
Villans
73.4%
Club
Nickname
% Correct
Newcastle United
Magpies
68.4%
Everton
Toffees
65.6%
Blackburn Rovers
Rovers
60.6%
Sunderland
Black Cats
56.4%
Stoke City
Potters
52.1%
Fulham
Cottagers
49.6%
West Bromwich Albion
Baggies
44%
Wigan Athletic
Latics
39.7%
Blackpool
Seasiders
33%
Bolton Wanderers
Trotters
29.8%
Quiz Playlist
Details
Report
Send in Message
Add To Playlist
Classic:
Type in answers that appear in a list
Last Updated: Feb 16, 2017
Quiz Scoreboard
CHALLENGE
Sign Up to Join the Scoreboard
Show All
Scores
Hide
Comments
May contain spoilers
Recently Published
NBA Finals Game Top Scorers (2010s)
by flibbidy
Sports
5m
Guess the 'R' Things in 3 Words
by MSUKent
Miscellaneous
3m
Actor to Badly Drawn Movie III
by MoMosMoProblems
Movies
5m
More to Explore
Quiz From the Vault
Featured Blog Post
Where Does Lost Luggage Go?
hide this ad
You Might Also Like...
Tags
Premier League Quiz
Soccer Quiz
2010
2010-2011
Barclays Premier
club
Club Nicknames
League
nickname
Premier
Today's Top Quizzes in Sports
Browse Sports
hide this ad
Today's Top Quizzes in Premier League
Browse Premier League
Top Contributed Quizzes in Sports
1
Les joueurs à 100 buts en Ligue 1 Uber Eats
2
2022 World Cup Stars
3
2024 March Madness Bracket
4
Millionaire: NBA Finals Edition
5
Players with Multiple 50 Home Run Seasons
6
Nickname Match: Athletes VI
7
Criteria MLB: Left Handed Sluggers
8
Iconic Moments in Football - Multiple Choice
9
NFL MVPs ordered
10
First NBA MVP by Team
Explore More
Trending Topics
Crossword
NBA
Disney
Marvel
Harry Potter
Anime
Kpop
Song
Puzzle
Country
Pokémon
WWE
Soccer
NFL
The Office
hide this ad
More By:
ColUCraig
Quiz
Plays
Rating
Category
Featured
Created
Barclay's Premier League - Club Nicknames
282
5.00
Sports
Dec 14, 2010
Barclay's Premier League - Stadiums
151
5.00
Sports
Dec 14, 2010
Barclay's Premier League - Clubs
113
1.00
Sports
Dec 7, 2010
Barclay's Premier League - Managers
110
Sports
Dec 14, 2010
Go to Creator's Profile
Score Distribution
Quiz Creator Spotlight
ColUCraig
Follow
Send a Message
Quizzes Created
-
Created Quiz Play Count
-
More By This Creator
Popular Quizzes Today
1
Find the US States - No Outlines Minefield
2
Find the US States
3
The Countries of the World
4
10 Largest US States in Order
5
Find the Countries of Europe - No Outlines Minefield
6
US States
7
Guess the 'R' Things in 3 Words
8
NBA Finals Game Top Scorers (2010s)
More Sports Quizzes
NFL Brett Favre TD Receivers
Published
Trending Quizzes
First Name TV: Leading Men
First Name TV: Leading Women Drama
Match the Book to the Film II
3-Word Movies in 1 Word II
Match the Book to the Film VI
Recently Updated
Women's Final Four Teams by Year
bhenderson79
Presidents Quartet II
eogle
Anything But Clue(do)
eogle
Anything But Oceanian Capitals
eogle
Anything But 7
eogle
Anything But Thing
eogle
Word Ladder: February 29
pecheneg
Song Title Questions
pecheneg
Women's NCAA Tournament #1 Seeds
pecheneg
Celebrity Mug Shots
pecheneg
Trending Topics
NBA
Marvel
Harry Potter
Crossword
Disney
Anime
Kpop
WWE
The Office
NFL
Song
Country
Puzzle
Soccer
Pokémon
Your Account Isn't Verified!
In order to create a playlist on Sporcle, you need to verify the email address you used during registration. Go to your
Sporcle Settings
to finish the process.
Report this User
Report this user for behavior that violates our
Community Guidelines
.
Details:
Send Report
Go to the Sporcle.com Mobile Site →
Comments